Chemical and metallurgical thermodynamics / (Record no. 9059)
[ view plain ]
| 000 -LEADER | |
|---|---|
| fixed length control field | 01142cam a2200337 a 4500 |
| 001 - CONTROL NUMBER | |
| control field | 9059 |
| 003 - CONTROL NUMBER IDENTIFIER | |
| rucl marc code | BD-RjUL |
| 005 - DATE AND TIME OF LATEST TRANSACTION | |
| control field | 20211208234716.0 |
| 008 - FIXED-LENGTH DATA ELEMENTS--GENERAL INFORMATION | |
| fixed length control field | 140120s2007 ii a sb 001 0 eng d |
| 020 ## - INTERNATIONAL STANDARD BOOK NUMBER | |
| Canceled/invalid ISBN | 9788122419788 |
| International Standard Book Number | 812241978X |
| 035 ## - SYSTEM CONTROL NUMBER | |
| System control number | (CaPaEBR)ebr10323366 |
| System control number | 9104 |
| 040 ## - CATALOGING SOURCE | |
| Original cataloging agency | CaPaEBR |
| Transcribing agency | CaPaEBR |
| Language of cataloging | eng |
| Modifying agency | BD-RjUL |
| 041 ## - LANGUAGE CODE | |
| Language code of text/sound track or separate title | eng |
| 082 ## - DEWEY DECIMAL CLASSIFICATION NUMBER | |
| Classification number | 536.7 |
| Author mark and year | PRC 2007 |
| 100 1# - MAIN ENTRY--PERSONAL NAME | |
| Personal name | Prasad, Krishna Kant. |
| 9 (RLIN) | 28124 |
| 245 10 - TITLE STATEMENT | |
| Title | Chemical and metallurgical thermodynamics / |
| Statement of responsibility, etc. | Krishna Kant Prasad, Hem Shanker Ray, K.P. Abraham. |
| 260 ## - PUBLICATION, DISTRIBUTION, ETC. (IMPRINT) | |
| Place of publication, distribution, etc. | New Delhi : |
| Name of publisher, distributor, etc. | New Age International (P) Ltd., Publishers, |
| Date of publication, distribution, etc. | 2007. |
| 300 ## - PHYSICAL DESCRIPTION | |
| Pagination | xiii, 96 p. : |
| Illustrations | ill. ; |
| Size | 26 cm. |
| 504 ## - BIBLIOGRAPHY, ETC. NOTE | |
| Bibliography, etc | Includes bibliographical references (p. [91]-94) and index. |
| 650 #0 - SUBJECT ADDED ENTRY--TOPICAL TERM | |
| Topical term or geographic name as entry element | Metallurgy. |
| 9 (RLIN) | 28125 |
| Topical term or geographic name as entry element | Thermodynamics. |
| 9 (RLIN) | 28126 |
| 700 1# - ADDED ENTRY--PERSONAL NAME | |
| Personal name | Ray, Hem Shanker. |
| Personal name | Abraham, K. P. |
| 710 2# - ADDED ENTRY--CORPORATE NAME | |
| Corporate name or jurisdiction name as entry element | ebrary, Inc. |
| 9 (RLIN) | 20060 |
| 856 40 - ELECTRONIC LOCATION AND ACCESS | |
| Uniform Resource Identifier | <a href="http://www.columbia.edu/cgi-bin/cul/resolve?clio8752794">http://www.columbia.edu/cgi-bin/cul/resolve?clio8752794</a> |
| Public note | Click here for full text. |
| 942 ## - ADDED ENTRY ELEMENTS (KOHA) | |
| Source of classification or shelving scheme | Dewey Decimal Classification |
| Koha item type | Books |
| Lost status | Source of classification or shelving scheme | Damaged status | Not for loan | Collection code | Permanent Location | Current Location | Shelving location | Date acquired | Source of acquisition | Cost, normal purchase price | Total Checkouts | Full call number | Date last seen | Copy number | Koha item type |
|---|---|---|---|---|---|---|---|---|---|---|---|---|---|---|---|
| Dewey Decimal Classification | Non-fiction | Central Library, University of Rajshahi | Central Library, University of Rajshahi | 02/10/2010 | paragon Enterprises Dhaka | 295.00 | 536.7 PRC 2007 | 20/01/2014 | C-4 | Books | |||||
| Dewey Decimal Classification | Not For Loan | Non-fiction | Central Library, University of Rajshahi | Central Library, University of Rajshahi | Reading Room | 02/10/2010 | Dhaka, Paragon Enterprises Ltd. | 295.00 | 536.7 PRC 2007 | 29/03/2017 | C-1 | Books | |||
| Dewey Decimal Classification | Non-fiction | Central Library, University of Rajshahi | Central Library, University of Rajshahi | 02/10/2010 | Dhaka, Paragon Enterprises Ltd. | 295.00 | 536.7 PRC 2007 | 09/05/2017 | C-2 | Books | |||||
| Dewey Decimal Classification | Non-fiction | Central Library, University of Rajshahi | Central Library, University of Rajshahi | 02/10/2010 | Dhaka, Paragon Enterprises Ltd. | 295.00 | 536.7 PRC 2007 | 09/05/2017 | C-3 | Books |